Trabajo social Uniminuto 10 años : (Registro nro. 32446)

Detalles MARC
000 -LEADER
fixed length control field 01189nam a2200301 4500
001 - CONTROL NUMBER
control field 0000024029
003 - CONTROL NUMBER IDENTIFIER
control field CO-CtgCURN
005 - DATE AND TIME OF LATEST TRANSACTION
control field 20250429224943.0
007 - PHYSICAL DESCRIPTION FIXED FIELD--GENERAL INFORMATION
fixed length control field ta
008 - FIXED-LENGTH DATA ELEMENTS--GENERAL INFORMATION
fixed length control field 160627s2014 000 0 eng d
020 ## - INTERNATIONAL STANDARD BOOK NUMBER
International Standard Book Number 9789587630749
040 ## - CATALOGING SOURCE
Original cataloging agency CO-CtgCURN
Language of cataloging spa
Transcribing agency coctgcurn
082 0# - DEWEY DECIMAL CLASSIFICATION NUMBER
Classification number 361.3
Item number T758tra
245 00 - TITLE STATEMENT
Title Trabajo social Uniminuto 10 años :
Remainder of title dejando huella un recorrido por las miradas y las voces de sus directoras, docentes y exalumnos /
Statement of responsibility, etc. compiladores, Merceditas Beltrán F., Marcela Rojas P.
260 ## - PUBLICATION, DISTRIBUTION, ETC.
Place of publication, distribution, etc. Bogotá :
Name of publisher, distributor, etc. Corporación Universitaria Minuto de Dios,
Date of publication, distribution, etc. 2014.
300 ## - PHYSICAL DESCRIPTION
Extent 175 p.
336 ## - CONTENT TYPE
Source rdacontent
337 ## - MEDIA TYPE
Source rdamedia
Media type term sin mediacion
Media type code n
338 ## - CARRIER TYPE
Source rdacarrier
Carrier type term volumen
Carrier type code nc
505 8# - FORMATTED CONTENTS NOTE
Formatted contents note Un recorrido por las miradas y las voces de sus directoras, docentes y exalumnos -- Territorios-practicas-espacios -- Autobiografias
650 14 - SUBJECT ADDED ENTRY--TOPICAL TERM
Topical term or geographic name entry element Trabajo social
General subdivision Historia
Chronological subdivision 2002-2012
Geographic subdivision Colombia.
700 1# - ADDED ENTRY--PERSONAL NAME
Personal name Duque Roman, Jair.
700 1# - ADDED ENTRY--PERSONAL NAME
Personal name Rojas P, Marcela.
700 1# - ADDED ENTRY--PERSONAL NAME
Personal name Beltrán F, Merceditas.
908 ## - PUT COMMAND PARAMETER (RLIN)
Put command parameter 160627
942 ## - ADDED ENTRY ELEMENTS (KOHA)
Koha item type Libros
Classification part 361.3
Item part T758tra
Source of classification or shelving scheme Dewey Decimal Classification
Existencias
Withdrawn status Lost status Source of classification or shelving scheme Damaged status Not for loan Collection Home library Current library Shelving location Date acquired Inventory number Total checkouts Full call number Barcode Date last seen Price effective from Koha item type Public note
    Dewey Decimal Classification     General Miguel Henríquez Castañeda Miguel Henríquez Castañeda General 04/29/2025 002944   361.3 T758tra 002944 04/29/2025 04/29/2025 Libros 360-SER.SO